[Event "Hameenlinna We HamSK"]
[Site "Hameenlinna"]
[Date "2018.06.10"]
[Round "5"]
[White "Heinola, Vesa Pekka"]
[Black "Kauko, Pekka"]
[Result "1-0"]
[WhiteElo "2271"]
[BlackElo "1896"]
[PlyCount "63"]
[EventDate "2018.06.21"]
[EventType "swiss"]
[EventRounds "4"]
[EventCountry "FIN"]
[SourceTitle "EXT 2022"]
[Source "ChessBase"]
[SourceDate "2021.10.06"]
[SourceVersion "1"]
[SourceVersionDate "2021.10.06"]
[SourceQuality "1"]

1. d4 d5 2. c4 e5 3. dxe5 d4 4. Nf3 Nc6 5. Nbd2 Nge7 6. Nb3 Ng6 7. Nbxd4 Bb4+ 8. Bd2 Nxd4 9. Bxb4 Nxf3+ 10. exf3 Qxd1+ 11. Rxd1 Nxe5 12. Bc3 f6 13. Bxe5 fxe5 14. Rd5 Be6 15. Rxe5 Kf7 16. Bd3 Rad8 17. Ke2 Kf6 18. Re3 Rd4 19. Re4 Rhd8 20. Rxd4 Rxd4 21. b3 c5 22. Ke3 b6 23. h4 h6 24. g4 Ke5 25. Ra1 a5 26. a4 Rf4 27. Be4 g5 28. hxg5 hxg5 29. Rh1 Rf7 30. Rh5 Kf6 31. Rh6+ Ke7 32. Rxe6+ 1-0

[Event "Helsinki We EtVaS A"]
[Site "Helsinki"]
[Date "2018.05.06"]
[Round "4"]
[White "Luukkonen, Tommi"]
[Black "Heinola, Vesa Pekka"]
[Result "1-0"]
[WhiteElo "2375"]
[BlackElo "2241"]
[PlyCount "111"]
[EventDate "2018.05.04"]
[EventType "swiss"]
[EventRounds "5"]
[EventCountry "FIN"]
[SourceTitle "EXT 2022"]
[Source "ChessBase"]
[SourceDate "2021.10.06"]
[SourceVersion "1"]
[SourceVersionDate "2021.10.06"]
[SourceQuality "1"]

1. d4 Nf6 2. c4 g6 3. Nc3 d5 4. Bg5 Bg7 5. Nf3 dxc4 6. e4 0-0 7. Bxc4 c5 8. dxc5 Qa5 9. 0-0 Qxc5 10. Qb3 Nc6 11. Be3 Qh5 12. Qb5 Qxb5 13. Bxb5 Bd7 14. Rfd1 Rfd8 15. h3 Ne8 16. Rac1 Nc7 17. Ba4 e6 18. Bg5 f6 19. Bh4 g5 20. Bg3 e5 21. Nd5 Nxd5 22. Bb3 Kf8 23. exd5 Na5 24. Bc2 h6 25. Be4 Rac8 26. Nd2 b6 27. f3 Nb7 28. Nc4 Bb5 29. Ne3 Nd6 30. Be1 Kf7 31. Bc3 Bf8 32. Bc2 Bd7 33. a4 Nb7 34. Nf5 Nc5 35. Ra1 Na6 36. Bd3 Nc5 37. Bc2 Na6 38. g4 Bc5+ 39. Kg2 Bf8 40. h4 Nb4 41. Be4 Bxf5 42. Bxf5 Nxd5 43. Rxd5 Rxd5 44. Bxc8 gxh4 45. Bf5 Rd8 46. Rc1 Bc5 47. Be1 Rd4 48. b4 Bxb4 49. Bxb4 Rxb4 50. Rc7+ Kf8 51. Rxa7 Rb2+ 52. Kh3 Rb3 53. Be4 Ra3 54. Kxh4 b5 55. Ra8+ Kg7 56. axb5 1-0